书目信息 |
| 题名: |
模拟电路与数字电路
|
|
| 作者: | 王佩珠 编著 | |
| 分册: | ||
| 出版信息: | 北京 经济科学出版社 2000 |
|
| 页数: | 357页 | |
| 开本: | 26cm | |
| 丛书名: | ||
| 单 册: | ||
| 中图分类: | TN710 , TN79 | |
| 科图分类: | ||
| 主题词: | 模拟电路--高等学校--教材 | |
| 电子资源: | ||
| ISBN: | 7-5058-2160-1 | |
| 000 | 00843oam2 2200241 450 | |
| 001 | 002309083 | |
| 005 | 20070729100400.37 | |
| 010 | @a7-5058-2160-1@dCNY31.00 | |
| 100 | @a20030224d2000 em y0chiy0110 ea | |
| 101 | 0 | @achi |
| 102 | @aCN@b110000 | |
| 105 | @ay zq 000yy | |
| 200 | 1 | @a模拟电路与数字电路@Amo ni dian lu yu shu zi dian lu@e附:模拟电路与数学电路自学考试大纲@f王佩珠等编著@Fwang pei zhu deng bian zhu |
| 210 | @a北京@c经济科学出版社@d2000 | |
| 215 | @a357页@d26cm | |
| 300 | @a全国高等教育自学考试指定教材 计算机及应用专业(专科) | |
| 517 | 1 | @a附:模拟电路与数学电路自学考试大纲@Afu:mo ni dian lu yu shu xue dian lu zi xue kao shi da gang |
| 606 | 0 | @a模拟电路@x高等学校@j教材 |
| 690 | @aTN710@v4 | |
| 690 | @aTN79@v4 | |
| 701 | 0 | @a王佩珠@Awang pei zhu@4编著 |
| 801 | 0 | @aCN@bNLC@c20070729 |
| 905 | @a10447@dTN710@e238 | |
| 模拟电路与数字电路:附:模拟电路与数学电路自学考试大纲/王佩珠等编著.-北京:经济科学出版社,2000 |
| 357页;26cm |
| 全国高等教育自学考试指定教材 计算机及应用专业(专科) |
| ISBN 7-5058-2160-1:CNY31.00 |
| ● |
| 相关链接 |
|
|
|
|
正题名:模拟电路与数字电路
索取号:TN710/238
 
预约/预借
| 序号 | 登录号 | 条形码 | 馆藏地/架位号 | 状态 | 备注 |
| 1 | 0784646 | 207846465 | 第二样本阅览室/ [索取号:TN710/238] | 在馆 |